000 00278nam a22001217a 4500
008 180221b xxu||||| |||| 00| 0 eng d
041 _aeng
080 _a616
100 _a4
101 _aSHM
245 _aPROSOING EMPIRIAL RESEARCH RESEARCH
_cMILDRED.L.P
942 _2udc
_cBK
999 _c43028
_d43028